[Event "Pan American-ch School U15 12th"]
[Site "Callao"]
[Date "2023.10.18"]
[Round "5"]
[White "Barrantes Cueva, Diego Andre"]
[Black "Fernandez Ocana, Leonardo Felix"]
[Result "0-1"]
[WhiteElo "1415"]
[BlackElo "1581"]
[PlyCount "76"]
[EventDate "2023.10.16"]
[EventType "swiss"]
[EventRounds "9"]
[EventCountry "PER"]
[SourceTitle "Mega2024 Update 01"]
[Source "Chessbase"]
[SourceDate "2023.11.12"]
[SourceVersion "1"]
[SourceVersionDate "2023.11.12"]
[SourceQuality "1"]

1. e4 e5 2. Nf3 Nc6 3. d4 exd4 4. Bc4 Nf6 5. e5 d5 6. Bb5 Nd7 7. 0-0 Be7 8. Bxc6 bxc6 9. Nxd4 Nxe5 10. Bf4 Ng6 11. Nxc6 Qd7 12. Nxe7 Nxe7 13. Re1 0-0 14. Nd2 Ng6 15. Bg3 c5 16. Nb3 Qc6 17. Na5 Qb5 18. Qxd5 Be6 19. Qd2 Qxb2 20. Reb1 Rad8 21. Qxd8 Qxb1+ 22. Rxb1 Rxd8 23. c4 h5 24. f3 Rd2 25. Rb5 h4 26. Bc7 h3 27. gxh3 Nh4 28. Rb3 Bxh3 29. Bg3 Rg2+ 30. Kh1 Rxa2 31. Kg1 Rg2+ 32. Kh1 Rc2 33. Kg1 Nf5 34. Rd3 Nd4 35. Be1 Rg2+ 36. Kh1 Ne2 37. Bf2 Rxf2 38. Rd1 Bg2# 0-1

[Event "Pan American-ch School U15 12th"]
[Site "Callao"]
[Date "2023.10.16"]
[Round "2"]
[White "Barrantes Cueva, Diego Andre"]
[Black "Yucra Valdes, Diego Alonso"]
[Result "1/2-1/2"]
[WhiteElo "1415"]
[BlackElo "1609"]
[PlyCount "115"]
[EventDate "2023.10.16"]
[EventType "swiss"]
[EventRounds "9"]
[EventCountry "PER"]
[SourceTitle "Mega2024 Update 01"]
[Source "Chessbase"]
[SourceDate "2023.11.12"]
[SourceVersion "1"]
[SourceVersionDate "2023.11.12"]
[SourceQuality "1"]

1. e4 e6 2. d4 d5 3. Nd2 c5 4. Ngf3 Nf6 5. exd5 Qxd5 6. Bc4 Qd6 7. dxc5 Qxc5 8. Qe2 Bd6 9. 0-0 0-0 10. Ne4 Nxe4 11. Qxe4 Nd7 12. Be3 Qc7 13. Bd3 g6 14. Bh6 Re8 15. Bb5 a6 16. Be2 Ne5 17. h3 Bd7 18. Nd4 f5 19. Qh4 Nf7 20. Bg5 Nxg5 21. Qxg5 e5 22. Nf3 f4 23. Bd3 Kg7 24. Rfe1 Re6 25. Bf5 Be7 26. Bxe6 Bxg5 27. Nxg5 h6 28. Bxd7 hxg5 29. Ba4 Rd8 30. Rad1 Kf6 31. c3 b5 32. Bb3 Rxd1 33. Rxd1 e4 34. Kf1 Qe7 35. Ke2 g4 36. hxg4 Kg5 37. Rd4 Kxg4 38. Bd5 e3 39. Bf3+ Kf5 40. g4+ fxg3 41. fxg3 Qh7 42. g4+ Kg5 43. Kxe3 Qh2 44. Rd2 Qf4+ 45. Ke2 Qc4+ 46. Kf2 Qxa2 47. Kg3 Qa1 48. Kg2 Qc1 49. Re2 Kh4 50. Rf2 a5 51. Re2 a4 52. Bc6 Qd1 53. Kf2 Qd6 54. Bf3 Qc5+ 55. Re3 Kg5 56. Ke2 Kf4 57. Re4+ Kg3 58. Rd4 1/2-1/2

[Event "South America-ch U14 17th"]
[Site "Guayaquil"]
[Date "2022.01.30"]
[Round "9"]
[White "Barrantes Cueva, Diego Andre"]
[Black "Bolanos Lopez, Juan Jacobo"]
[Result "0-1"]
[WhiteElo "1300"]
[BlackElo "1768"]
[PlyCount "60"]
[EventDate "2022.01.25"]
[EventType "swiss"]
[EventRounds "9"]
[EventCountry "ECU"]
[SourceTitle "CBM 206 Extra"]
[Source "ChessBase"]
[SourceDate "2022.03.31"]
[SourceVersion "1"]
[SourceVersionDate "2022.03.31"]
[SourceQuality "1"]

1. d4 Nf6 2. Nf3 g6 3. g3 Bg7 4. Bg2 0-0 5. c4 d6 6. Nc3 Nbd7 7. 0-0 e5 8. e4 exd4 9. Nxd4 Re8 10. Re1 a5 11. Bf4 Nh5 12. Be3 c6 13. Nde2 Ne5 14. c5 dxc5 15. Qc2 Bg4 16. Bxc5 Nf3+ 17. Bxf3 Bxf3 18. Rad1 Qc8 19. Qd3 Bxc3 20. Qxc3 Bxe4 21. f3 Bd5 22. Bd4 Qf5 23. Kg2 b5 24. g4 Qxg4+ 25. Kf2 Qh4+ 26. Kg2 b4 27. Qd2 Qg4+ 28. Ng3 Qxf3+ 29. Kg1 Nxg3 30. Rxe8+ Rxe8 0-1

[Event "South America-ch U14 17th"]
[Site "Guayaquil"]
[Date "2022.01.29"]
[Round "7"]
[White "Alvarado Navarro, Dante Santiago"]
[Black "Barrantes Cueva, Diego Andre"]
[Result "1/2-1/2"]
[WhiteElo "1503"]
[BlackElo "1300"]
[PlyCount "68"]
[EventDate "2022.01.25"]
[EventType "swiss"]
[EventRounds "9"]
[EventCountry "ECU"]
[SourceTitle "CBM 206 Extra"]
[Source "ChessBase"]
[SourceDate "2022.03.31"]
[SourceVersion "1"]
[SourceVersionDate "2022.03.31"]
[SourceQuality "1"]

1. d4 d5 2. c4 e6 3. Nc3 Nf6 4. cxd5 exd5 5. Bg5 Nbd7 6. e3 c6 7. Bd3 Bd6 8. Qc2 h6 9. Bh4 0-0 10. Nge2 Qc7 11. Bg3 Bxg3 12. Nxg3 Nb6 13. 0-0 Be6 14. Rac1 a6 15. b3 Ng4 16. Bf5 Qd7 17. h3 Nf6 18. Nce2 Bxf5 19. Qxf5 Rfd8 20. a4 Qxf5 21. Nxf5 Ne4 22. Rc2 Nd6 23. Nxd6 Rxd6 24. Nf4 Nd7 25. Nd3 a5 26. b4 b6 27. Rfc1 Rc8 28. Kf1 c5 29. Ke2 Rdc6 30. Kd2 g5 31. dxc5 bxc5 32. Nxc5 Nxc5 33. bxc5 f5 34. f3 Kf7 1/2-1/2

[Event "South America-ch U14 17th"]
[Site "Guayaquil"]
[Date "2022.01.28"]
[Round "6"]
[White "Barrantes Cueva, Diego Andre"]
[Black "Pianchiche Acero, Miyamu Nillu"]
[Result "0-1"]
[WhiteElo "1300"]
[BlackElo "1474"]
[PlyCount "66"]
[EventDate "2022.01.25"]
[EventType "swiss"]
[EventRounds "9"]
[EventCountry "ECU"]
[SourceTitle "CBM 206 Extra"]
[Source "ChessBase"]
[SourceDate "2022.03.31"]
[SourceVersion "1"]
[SourceVersionDate "2022.03.31"]
[SourceQuality "1"]

1. Nf3 g6 2. d4 Bg7 3. g3 d6 4. Bg2 Nc6 5. c4 Nf6 6. Nc3 0-0 7. 0-0 Nd7 8. e4 e5 9. d5 Ne7 10. Be3 h6 11. b4 f5 12. c5 g5 13. cxd6 cxd6 14. exf5 Nxf5 15. Ne4 Nb6 16. Qb3 Bd7 17. a4 Rc8 18. a5 Nc4 19. Bxa7 Bb5 20. Rfd1 Qd7 21. Nfd2 Kh8 22. Rdc1 Nxd2 23. Nxd2 e4 24. Rab1 Bd3 25. Rxc8 Qxc8 26. Re1 Nd4 27. Qd1 Nc2 28. Bxe4 Nxe1 29. Qxe1 Re8 30. Qe3 Qc1+ 31. Kg2 Bxe4+ 32. Nxe4 Qxe3 33. Bxe3 Rxe4 0-1

[Event "South America-ch U14 17th"]
[Site "Guayaquil"]
[Date "2022.01.25"]
[Round "1"]
[White "Chilan Villa, Andres Jesus"]
[Black "Barrantes Cueva, Diego Andre"]
[Result "1-0"]
[WhiteElo "1782"]
[BlackElo "1300"]
[PlyCount "113"]
[EventDate "2022.01.25"]
[EventType "swiss"]
[EventRounds "9"]
[EventCountry "ECU"]
[SourceTitle "CBM 206 Extra"]
[Source "ChessBase"]
[SourceDate "2022.03.31"]
[SourceVersion "1"]
[SourceVersionDate "2022.03.31"]
[SourceQuality "1"]

1. d4 d5 2. Nf3 Nf6 3. c4 e6 4. g3 Bb4+ 5. Bd2 Bxd2+ 6. Nbxd2 c6 7. Bg2 Nbd7 8. 0-0 0-0 9. Qc2 Re8 10. e4 dxe4 11. Nxe4 Nxe4 12. Qxe4 Nf6 13. Qe2 Bd7 14. Rfd1 Rc8 15. Ne5 b5 16. Rac1 a6 17. b4 Qe7 18. a3 h6 19. Bf3 Kh8 20. Qf1 Kg8 21. h4 Red8 22. Nd3 a5 23. bxa5 Qxa3 24. Ra1 Qc3 25. Ne5 b4 26. Rd3 Qc2 27. Qb1 Qxb1+ 28. Rxb1 c5 29. a6 Rc7 30. dxc5 Rxc5 31. Nxd7 Rxd7 32. Rxd7 Nxd7 33. a7 Nb6 34. Rxb4 Ra5 35. Rxb6 Rxa7 36. c5 Ra1+ 37. Kg2 Rc1 38. c6 g6 39. Rb7 Kg7 40. c7 Kf6 41. Ra7 Ke5 42. Be2 Kd6 43. Ba6 Rxc7 44. Rxc7 Kxc7 45. Kf3 Kd6 46. Bb5 f5 47. Ke3 g5 48. h5 g4 49. Kf4 Kd5 50. Be2 Kd4 51. Bd1 Kd5 52. Bc2 Kd4 53. Bxf5 e5+ 54. Kxg4 e4 55. Bxe4 Kxe4 56. f4 Kd5 57. Kf5 1-0